1567 1132 1291 1636 1393 1323 1461 1407 1992 1600 1458 1059 1584 1432 1781 1773 1440 1948 1351 1365 1909 1182 1167 1666 1882 1680 1647 1458 1461 1129 1040 1588 1807 1211 1119 1902 1265 1398 1674 1591 1330 1895 1009 1207 1242 1711 1239 1763 1835 1203 1551 1984 1188 1247 1446 1418 1108 1753 1665 1587 1296 1189 1596 1581 1926 1386 1889 1292 1753 1941 1378 1976 1670 1603 1688 1243 1487 1520 1384 1515 1885 1787 1271 1852 1619 1223 1149 1482 1928 1155 1274 1600 1831 1845 1220 1526 1261 1879 1391 BCNSPRNW ULIB Ver.6.0+V

เปลี่ยนเป็นภาษาไทย

Change to English
 แสดงรายละเอียดบรรณานุกรม
  กลับหน้าหลัก

Brief Record : Get Marc (ISO 2709) : E-mail record : QR code < ปิดหน้าต่าง
LEADER : 00000nam 2200000uu 4500
001    13399112663
003     ULIB
008    110830s2545||||th 000 0 tha d
020    9747285983
050  4 JQ1745.A55.C6^bค87ป 2545
245 00 โครงการประเทศไทยใสสะอาด
250    พิมพ์ครั้งที่ 1
260    กรุงเทพฯ :^bสำนักงาน ก.พ.,^c2545
300    101 หน้า :^bภาพประกอบสี ;^c19x21 ซม.
650  4 การทุจริตและประพฤติมิชอบ
650  4 การทุจริตและประพฤติมิชอบในวงราชการ
710 2  สำนักงานคณะกรรมการข้าราชการพลเรือน
945    ^p0^l0^i016579
995    ทศพร
999 ^a ทศพร
รายการนี้ยังไม่มีแท็ก
คุณยังไม่ได้ล็อกอิน คุณสามารถมีกิจกรรมร่วมกับเว็บไซต์ได้ แต่ต้องล็อกอินก่อน ::
  ล็อกอิน

รายการสื่อสารสนเทศ

ลำดับที่ ประเภท เลขเรียก/บาร์โค้ด สถานที่ สถานะ
- ไม่พบข้อมูล -

BibComment


ยังไม่เคยถูกคอมเมนท์

คอมเมนท์ทรัพยากรรายการนี้
  คอมเมนท์: โครงการประเทศไทยใ..


 Copyright 2026. Bcnsprnw @Library